[Event "II liga SSCS 2015- zapad"]
[Site "Ravni Gaj"]
[Date "2015.10.08"]
[Round "6.1"]
[White "Stojanovic, Marko"]
[Black "Misailovic, Nebojsa"]
[Result "1/2-1/2"]
[WhiteElo "2291"]
[BlackElo "2326"]
[PlyCount "102"]
[EventDate "2015.09.04"]

1. e4 c5 2. Nf3 Nc6 3. d4 cxd4 4. Nxd4 g6 5. Nxc6 bxc6 6. Qd4 Nf6 7. e5 Nd5 8.
e6 f6 9. exd7+ Bxd7 10. Bc4 Qa5+ 11. c3 Nb6 12. Bb3 c5 13. Qe4 Bf5 14. Qc6+ Bd7
15. Qf3 Qb5 16. Nd2 a5 17. h4 Qc6 18. Qg3 c4 19. Bd1 Qe6+ 20. Be2 Rc8 21. Nf1
Qd6 22. Bf4 e5 23. Be3 Nd5 24. Nd2 Nxe3 25. Qxe3 Qe6 26. O-O Be7 27. b3 Bc5 28.
Qg3 cxb3 29. axb3 Bb6 30. Rfd1 Bc7 31. Ne4 Bc6 32. Bc4 Qe7 33. Qe3 Kf8 34. Nc5
f5 35. Ne6+ Ke8 36. Qh6 Bd6 37. Rd2 Bd7 38. Ng7+ Kd8 39. Rad1 Rc6 40. h5 Qf8
41. Ne6+ Bxe6 42. Qxf8+ Rxf8 43. Rxd6+ Rxd6 44. Rxd6+ Bd7 45. hxg6 hxg6 46.
Rxg6 Ke7 47. Ra6 a4 48. Ra7 Kd6 49. bxa4 Rc8 50. Bb5 Bxb5 51. axb5 Rxc3 1/2-1/2

[Event "II liga SSCS 2015- zapad"]
[Site "Ravni Gaj"]
[Date "2015.10.08"]
[Round "6.1"]
[White "Muratovic, Efim"]
[Black "Ljubinkovic, Miodrag"]
[Result "1-0"]
[WhiteElo "2369"]
[BlackElo "2256"]
[PlyCount "81"]
[EventDate "2015.09.04"]

1. Nf3 c6 2. c4 d5 3. d4 e6 4. e3 Nf6 5. Qc2 Nbd7 6. Nc3 Be7 7. g4 dxc4 8. Bxc4
b5 9. Be2 Bb7 10. g5 Nd5 11. Nxd5 cxd5 12. h4 a6 13. Bd2 Rc8 14. Qb3 O-O 15. a4
Bc6 16. a5 f6 17. Rg1 Kh8 18. Bb4 e5 19. gxf6 gxf6 20. Qa3 Bxb4+ 21. Qxb4 Bb7
22. Kd2 e4 23. Ne1 Nb8 24. Ng2 Nc6 25. Qa3 Rg8 26. h5 b4 27. Qb3 Qd6 28. Nf4
Rxg1 29. Rxg1 Nxa5 30. Qa4 Nc6 31. Rc1 Rg8 32. Bxa6 Ra8 33. Qb5 Nxd4 34. Qxb7
Nf3+ 35. Kd1 Rg8 36. Rc8 Rxc8 37. Qxc8+ Kg7 38. Qb7+ Kh6 39. Be2 Qe5 40. Qxb4
d4 41. Qf8+ 1-0

[Event "II liga SSCS 2015- zapad"]
[Site "Ravni Gaj"]
[Date "2015.10.08"]
[Round "6.1"]
[White "Djuric, Zoran"]
[Black "Pecinar, Zoran"]
[Result "1-0"]
[WhiteElo "2215"]
[BlackElo "2156"]
[PlyCount "125"]
[EventDate "2015.09.04"]

1. e4 c5 2. Nf3 d6 3. d4 cxd4 4. Nxd4 Nf6 5. Nc3 g6 6. Be2 Bg7 7. Be3 Nc6 8. h3
Bd7 9. Qd2 Rc8 10. O-O-O O-O 11. Nb3 Na5 12. Kb1 Nc4 13. Bxc4 Rxc4 14. f3 b5
15. Bh6 b4 16. Bxg7 Kxg7 17. Nd5 Nxd5 18. Qxd5 Be6 19. Qb7 Qc7 20. Qxc7 Rxc7
21. Nd4 Bd7 22. Rhe1 Rb8 23. Re3 Rb6 24. Rd2 a5 25. Nb3 a4 26. Nd4 Rc5 27. Ne2
Rc3 28. Rxc3 bxc3 29. Nxc3 e6 30. a3 Kf6 31. Rd4 Ra6 32. Kc1 Ke5 33. Ne2 Bb5
34. f4+ Kf6 35. Nc3 Bf1 36. Rd2 Bc4 37. Rxd6 Rxd6 38. e5+ Ke7 39. exd6+ Kxd6
40. Kd2 Bf1 41. g3 Bxh3 42. Nxa4 f6 43. Ke3 Bg2 44. c4 g5 45. b4 h5 46. fxg5
fxg5 47. Nc3 h4 48. gxh4 gxh4 49. Ne4+ Ke5 50. Nd2 h3 51. Nf3+ Kf5 52. Nh2 Ke5
53. a4 Bc6 54. a5 Kd6 55. a6 e5 56. b5 Bg2 57. b6 Kc6 58. c5 Kd7 59. Ng4 Kc8
60. Kf2 Bd5 61. Kg3 e4 62. Ne3 Be6 63. c6 1-0

[Event "II liga SSCS 2015- zapad"]
[Site "Ravni Gaj"]
[Date "2015.10.08"]
[Round "6.1"]
[White "Knezevic, Veljko"]
[Black "Ilic, Zdravko"]
[Result "0-1"]
[WhiteElo "2019"]
[BlackElo "2131"]
[PlyCount "94"]
[EventDate "2015.09.04"]

1. d4 Nf6 2. Nf3 g6 3. g3 Bg7 4. Bg2 O-O 5. O-O d6 6. c4 Na6 7. Nc3 c6 8. e4
Rb8 9. e5 Ne8 10. Bf4 b5 11. exd6 exd6 12. cxb5 cxb5 13. Rc1 Nac7 14. d5 b4 15.
Na4 Bb7 16. Be3 Ra8 17. Qb3 Nxd5 18. Bd4 Qa5 19. Rfd1 Ndf6 20. Rc4 Qh5 21. Rxb4
Bd5 22. Qa3 a5 23. Rb6 Nd7 24. Bxg7 Kxg7 25. Rb5 Nc7 26. Qc3+ Ne5 27. Rbxd5
Nxd5 28. Rxd5 Rac8 29. Qe3 Rc4 30. Nc3 Rb4 31. Nxe5 dxe5 32. Rxe5 Qg4 33. Re4
Rxe4 34. Qxe4 Qg5 35. Qd4+ f6 36. f4 Qg4 37. Be4 Qh5 38. Nd5 Qe2 39. Bg2 Qe1+
40. Bf1 h5 41. f5 g5 42. Nc7 Rf7 43. Ne8+ Qxe8 44. h4 Rd7 45. Qc3 gxh4 46. gxh4
Qe5 47. Qf3 Qd4+ 0-1

[Event "II liga SSCS 2015- zapad"]
[Site "Ravni Gaj"]
[Date "2015.10.08"]
[Round "6.1"]
[White "Rikalovic, Dimitrije"]
[Black "Zivanic, Slobodan"]
[Result "1-0"]
[WhiteElo "1996"]
[BlackElo "2201"]
[PlyCount "105"]
[EventDate "2015.09.04"]

1. c4 Nf6 2. Nc3 g6 3. g3 Bg7 4. Bg2 O-O 5. Nf3 Nc6 6. O-O e5 7. d3 d6 8. Rb1
h6 9. b4 Be6 10. Qa4 Ne7 11. Ba3 a6 12. Qc2 c6 13. c5 Ne8 14. Na4 d5 15. Nb6
Rb8 16. Bb2 Qc7 17. a4 Nc8 18. Nxc8 Rxc8 19. Nd2 Qd7 20. f4 exf4 21. Bxg7 Nxg7
22. Rxf4 f5 23. Rh4 Qe7 24. Nf3 Bf7 25. Qd2 h5 26. Qh6 Ne6 27. Ne5 Qg5 28. Qxg5
Nxg5 29. b5 axb5 30. axb5 Be8 31. bxc6 bxc6 32. Rb6 Ne6 33. Bxd5 cxd5 34. Rxe6
Rxc5 35. Nxg6 Bxg6 36. Rxg6+ Kf7 37. Rg5 Re8 38. Rxf5+ Kg6 39. Rf2 Rc1+ 40. Kg2
Rc2 41. Kf3 Ra2 42. Rf4 Rd8 43. Kg2 Re8 44. e4 Rxf2+ 45. Kxf2 dxe4 46. Rxe4 Ra8
47. Ke3 Ra2 48. Rh4 Kg5 49. Ke4 Re2+ 50. Kd5 Ra2 51. d4 Ra5+ 52. Ke6 Ra6+ 53.
Ke5 1-0

[Event "II liga SSCS 2015- zapad"]
[Site "Ravni Gaj"]
[Date "2015.10.08"]
[Round "6.1"]
[White "Pavkov, Nebojsa"]
[Black "Savic, Petar A"]
[Result "1-0"]
[WhiteElo "2245"]
[BlackElo "2113"]
[PlyCount "61"]
[EventDate "2015.09.04"]

1. g3 e5 2. Bg2 Nf6 3. e4 Nc6 4. Nc3 Bc5 5. Nge2 a6 6. d3 h6 7. O-O d6 8. h3
Be6 9. Kh2 d5 10. f4 dxe4 11. fxe5 Nxe5 12. Nxe4 Nxe4 13. Bxe4 Nc6 14. Nf4 Qd7
15. Qh5 Bd4 16. Nxe6 Qxe6 17. Rxf7 Kd8 18. Bg5+ Bf6 19. Bxf6+ gxf6 20. Bf5 Qd6
21. Rd7+ Qxd7 22. Bxd7 Kxd7 23. Qf5+ Kd6 24. Qxf6+ Kc5 25. Qf2+ Kd6 26. Qf4+
Kd7 27. Qf5+ Kd6 28. c4 Ne7 29. c5+ Kc6 30. Qe6+ Kxc5 31. Rc1+ 1-0

[Event "II liga SSCS 2015- zapad"]
[Site "Ravni Gaj"]
[Date "2015.10.08"]
[Round "6.1"]
[White "Rikalovic, Milan"]
[Black "Jovicic, Radovan"]
[Result "1/2-1/2"]
[WhiteElo "2045"]
[BlackElo "1753"]
[PlyCount "98"]
[EventDate "2015.09.04"]

1. e4 c5 2. f4 d5 3. e5 e6 4. Nf3 Ne7 5. c3 Nbc6 6. Bb5 a6 7. Bxc6+ Nxc6 8. d4
Be7 9. Be3 cxd4 10. Bxd4 Nxd4 11. Nxd4 O-O 12. Nd2 Bd7 13. O-O Qc7 14. Kh1 b5
15. a3 a5 16. Rc1 b4 17. cxb4 Qb6 18. N2f3 axb4 19. axb4 Bxb4 20. Qd3 h6 21. h3
Rac8 22. Qb3 Bc5 23. Qxb6 Bxb6 24. b4 Ra8 25. Rc3 Rfc8 26. Rfc1 Rxc3 27. Rxc3
Ra1+ 28. Kh2 Rb1 29. Rb3 Rd1 30. Ne2 d4 31. b5 Bc8 32. Rb2 d3 33. Nc3 Rc1 34.
Ne4 Bb7 35. Ned2 Bxf3 36. Nxf3 Rc2 37. Rb3 d2 38. Rd3 Ba5 39. b6 Bxb6 40. Nxd2
Kf8 41. Nf3 Rc4 42. g3 Rc2+ 43. Rd2 Rc3 44. Kg2 Ke7 45. Rb2 Bd8 46. Nd2 Ba5 47.
Rb7+ Rc7 48. Rxc7+ Bxc7 49. Kf3 f6 1/2-1/2

[Event "II liga SSCS 2015- zapad"]
[Site "Ravni Gaj"]
[Date "2015.10.08"]
[Round "6.2"]
[White "Pantelic, Sasa"]
[Black "Bojovic, Dusan"]
[Result "1-0"]
[WhiteElo "2319"]
[BlackElo "2275"]
[PlyCount "58"]
[EventDate "2015.09.04"]

1. d4 Nf6 2. c4 g6 3. Nc3 Bg7 4. e4 d6 5. f3 O-O 6. Be3 a6 7. Nge2 Nbd7 8. Qd2
c5 9. dxc5 dxc5 10. O-O-O Qc7 11. Kb1 b5 12. cxb5 axb5 13. Nxb5 Qb6 14. Nec3
Bb7 15. Bh6 Bxh6 16. Qxh6 Bc6 17. h4 c4 18. Bxc4 Qc5 19. Be2 Rfb8 20. h5 Bxb5
21. Bxb5 Rxb5 22. Nxb5 Qxb5 23. hxg6 fxg6 24. Rd4 Rb8 25. Qd2 Ne5 26. Rd8+ Rxd8
27. Qxd8+ Kf7 28. Qd4 Nc6 29. Qc3 Ne5 1-0

[Event "II liga SSCS 2015- zapad"]
[Site "Ravni Gaj"]
[Date "2015.10.08"]
[Round "6.2"]
[White "Toth, Aleksandar"]
[Black "Radovanovic, Jovica"]
[Result "1/2-1/2"]
[WhiteElo "2326"]
[BlackElo "2333"]
[PlyCount "93"]
[EventDate "2015.09.04"]

1. e4 c5 2. Nf3 d6 3. c3 Nf6 4. h3 g6 5. Bd3 Bg7 6. Bc2 O-O 7. O-O Nc6 8. Re1
e5 9. d3 h6 10. a3 Be6 11. b4 cxb4 12. axb4 a6 13. Nbd2 Rc8 14. Nb3 Nd7 15. Bd2
d5 16. Rb1 dxe4 17. dxe4 Na7 18. Qc1 Kh7 19. Bd3 Qc7 20. Qb2 Nb5 21. Nc5 Nxc5
22. bxc5 Qxc5 23. Bxb5 axb5 24. Qxb5 Qd6 25. Rb4 Ra8 26. Reb1 Ra2 27. Be3 Rc8
28. c4 Qc6 29. c5 Rc7 30. Qd3 Rd7 31. Qc3 Ra4 32. Nxe5 Rxb4 33. Rxb4 Rd1+ 34.
Kh2 Qa6 35. Bd4 Qf1 36. Nf3 Rd3 37. Qb2 Bxh3 38. Nh4 Bxd4 39. Rxd4 Rxd4 40.
Qxd4 Be6 41. Nf3 Qc4 42. Qe5 Qe2 43. Qd4 Qc4 44. Qe5 Qe2 45. Kg3 Qd3 46. Kh2
Qe2 47. Qd4 1/2-1/2

[Event "II liga SSCS 2015- zapad"]
[Site "Ravni Gaj"]
[Date "2015.10.08"]
[Round "6.2"]
[White "Begus, Drasko"]
[Black "Jovanovic, Miroslav O"]
[Result "1-0"]
[WhiteElo "2298"]
[BlackElo "2091"]
[PlyCount "95"]
[EventDate "2015.09.04"]

1. d4 d5 2. Nf3 c6 3. g3 Nf6 4. Bg2 Bf5 5. O-O e6 6. c4 Bd6 7. Nc3 O-O 8. Nd2
Nbd7 9. e4 dxe4 10. Ndxe4 Nxe4 11. Nxe4 Be7 12. Be3 Nf6 13. Nc3 Qa5 14. Qe2
Rfe8 15. h3 h6 16. Rfd1 Rac8 17. a3 Qa6 18. Rac1 b6 19. g4 Bg6 20. h4 c5 21.
Nb5 cxd4 22. Bxd4 Red8 23. b3 Ne8 24. h5 Bh7 25. Bb2 Nf6 26. Nd4 Bc5 27. Nc6
Rxd1+ 28. Rxd1 Qb7 29. b4 Bf8 30. b5 Bc5 31. a4 Kh8 32. Be5 Ne8 33. Nb8 Qe7 34.
Rd7 Qf8 35. Nc6 f6 36. Bc3 e5 37. Nxa7 Rc7 38. Qd2 Bg8 39. Bc6 Be6 40. Rd8 Bf7
41. Nc8 Kh7 42. Qd3+ Kh8 43. a5 bxa5 44. Bxa5 Rxc6 45. bxc6 Be6 46. c7 Kg8 47.
Bb6 Be7 48. Nxe7+ 1-0

[Event "II liga SSCS 2015- zapad"]
[Site "Ravni Gaj"]
[Date "2015.10.08"]
[Round "6.2"]
[White "Jovanovic, Obrad"]
[Black "Misojcic, Miroslav"]
[Result "0-1"]
[WhiteElo "2080"]
[BlackElo "2225"]
[PlyCount "58"]
[EventDate "2015.09.04"]

1. e4 c5 2. Nf3 Nc6 3. d3 g6 4. g3 Bg7 5. Bg2 Nf6 6. O-O d5 7. Nbd2 O-O 8. c3
dxe4 9. dxe4 Nd7 10. Qe2 Rb8 11. Rd1 Qc7 12. Nf1 Nde5 13. Nxe5 Nxe5 14. Ne3 e6
15. f4 Nd7 16. Rb1 Nb6 17. Bd2 Bd7 18. c4 Bc6 19. b3 Rfd8 20. Qe1 Rd3 21. Qf1
Rd7 22. Be1 Rbd8 23. Bf2 Rd4 24. Nc2 Rd2 25. Rxd2 Rxd2 26. Qc1 Qd8 27. a4 Qd3
28. Ne3 Bd4 29. Bf1 Qxe3 0-1

[Event "II liga SSCS 2015- zapad"]
[Site "Ravni Gaj"]
[Date "2015.10.08"]
[Round "6.2"]
[White "Marjanovic, Ivan D"]
[Black "Radenkovic, Aleksa"]
[Result "1-0"]
[WhiteElo "1985"]
[BlackElo "1947"]
[PlyCount "149"]
[EventDate "2015.09.04"]

1. e4 d5 2. exd5 Qxd5 3. Nc3 Qa5 4. Bc4 Nf6 5. d4 c6 6. Nf3 Bg4 7. O-O e6 8. h3
Bh5 9. Bf4 Nbd7 10. Qe2 Qf5 11. Bc1 Bxf3 12. Qxf3 Qxf3 13. gxf3 Nb6 14. Bb3
O-O-O 15. Be3 Be7 16. Rad1 Ne8 17. Ne4 h6 18. f4 g6 19. Nd2 Nd6 20. c3 Nd5 21.
Nf3 Nf5 22. Rfe1 Bd6 23. Ne5 Bxe5 24. fxe5 Nde7 25. Kf1 g5 26. Ke2 Rhg8 27. Rg1
Rg7 28. Rg2 Rdg8 29. Rdg1 Nh4 30. Rg4 Nef5 31. Bc2 Nxe3 32. fxe3 h5 33. R4g3 c5
34. Kf2 cxd4 35. cxd4 Kd7 36. e4 b5 37. Bd1 g4 38. hxg4 hxg4 39. Rxg4 Rxg4 40.
Rxg4 Ng6 41. Be2 a6 42. Ke3 Rc8 43. Kd2 Kc6 44. Rg1 Rd8 45. Ke3 Rh8 46. Rf1 Rh7
47. Rf6 Kd7 48. Bg4 Ke7 49. Kd3 Rh4 50. Bd1 Rh1 51. Kd2 Rh4 52. Ke3 Rh1 53. Bc2
Rh2 54. Rf2 Rh3+ 55. Kd2 Rh4 56. Kc3 a5 57. b4 Rh3+ 58. Bd3 axb4+ 59. Kc2 Nf8
60. Bxb5 Ra3 61. Kb2 Re3 62. Re2 Rc3 63. Rc2 Rxc2+ 64. Kxc2 Nh7 65. Kb3 Ng5 66.
Bd3 Nf3 67. Kc4 Kd7 68. Bc2 Ke7 69. Bd1 Ng5 70. Kxb4 Nxe4 71. a4 Kd7 72. Bf3 f5
73. Bxe4 fxe4 74. Kc3 Kc6 75. Kd2 1-0

[Event "II liga SSCS 2015- zapad"]
[Site "Ravni Gaj"]
[Date "2015.10.08"]
[Round "6.2"]
[White "Djukic, Sinisa"]
[Black "Milinkovic, Nikola"]
[Result "1/2-1/2"]
[WhiteElo "1999"]
[BlackElo "1923"]
[PlyCount "107"]
[EventDate "2015.09.04"]

1. d4 Nf6 2. Nf3 d5 3. Bf4 Nbd7 4. c4 e6 5. e3 c6 6. Nbd2 Be7 7. h3 O-O 8. Be2
b6 9. O-O Bb7 10. a3 c5 11. Rc1 Rc8 12. Bh2 Re8 13. dxc5 bxc5 14. Qc2 Qb6 15.
Rfd1 Bd6 16. Bxd6 Qxd6 17. Bf1 Qb6 18. Qb3 a5 19. Qxb6 Nxb6 20. cxd5 Bxd5 21.
Ne5 Re7 22. f3 Nfd7 23. Nxd7 Nxd7 24. e4 Bc6 25. Nc4 Ra8 26. Rd6 Bb5 27. Nb6
Nxb6 28. Rxb6 Bxf1 29. Kxf1 Rc7 30. Rc4 g6 31. Rb5 Rd8 32. Rc2 a4 33. Rbxc5
Rxc5 34. Rxc5 Rb8 35. Rc2 Kg7 36. Ke2 Rb3 37. Kd2 Kf6 38. Kc1 Re3 39. Kd2 Rb3
40. Kc1 Re3 41. Kd1 Rb3 42. Re2 Ke5 43. Kc2 Kf4 44. Rd2 Kg3 45. e5 h5 46. f4
Kxf4 47. Rf2+ Kxe5 48. Rxf7 Rg3 49. Rf2 Ke4 50. Re2+ Kd4 51. Rd2+ Ke4 52. Re2+
Kd4 53. Rd2+ Ke4 54. Re2+ 1/2-1/2

[Event "II liga SSCS 2015- zapad"]
[Site "Ravni Gaj"]
[Date "2015.10.08"]
[Round "6.2"]
[White "Urosevic, Zoran"]
[Black "Bojovic, Zoran"]
[Result "1/2-1/2"]
[WhiteElo "2211"]
[BlackElo "2087"]
[PlyCount "124"]
[EventDate "2015.09.04"]

1. Nf3 Nf6 2. b3 g6 3. Bb2 Bg7 4. c4 O-O 5. g3 e6 6. Bg2 c5 7. O-O Qc7 8. Nc3
a6 9. d4 cxd4 10. Nxd4 d6 11. Rc1 Bd7 12. Qd2 Rd8 13. Rfd1 Nc6 14. Nxc6 Bxc6
15. Nd5 Bxd5 16. cxd5 Qd7 17. dxe6 fxe6 18. Bd4 d5 19. Qb2 Qf7 20. Rc2 Rac8 21.
h3 Nd7 22. Rxc8 Rxc8 23. Bxg7 Qxg7 24. Qxg7+ Kxg7 25. e4 Nf6 26. exd5 exd5 27.
Bxd5 Nxd5 28. Rxd5 Rc7 29. a4 Kf6 30. Rd6+ Ke5 31. Rb6 Kd5 32. h4 Kc5 33. a5
Kd5 34. Kg2 Ke5 35. b4 Kf5 36. f3 Rf7 37. b5 axb5 38. Rxb5+ Kf6 39. g4 h6 40.
Rb6+ Kg7 41. Kg3 Kh7 42. f4 Kg7 43. Kf3 Re7 44. f5 gxf5 45. gxf5 Rc7 46. Kf4
Rc4+ 47. Ke5 Rc5+ 48. Ke6 Rxa5 49. Rxb7+ Kf8 50. f6 Ra6+ 51. Kf5 Ra1 52. Rh7
Rg1 53. h5 Rg2 54. Rxh6 Rf2+ 55. Kg6 Rg2+ 56. Kh7 Kf7 57. Rg6 Rh2 58. h6 Ra2
59. Rg7+ Kxf6 60. Kh8 Rh2 61. h7 Ra2 62. Rg8 Ra7 1/2-1/2

[Event "II liga SSCS 2015- zapad"]
[Site "Ravni Gaj"]
[Date "2015.10.08"]
[Round "6.2"]
[White "Djukic, Sasa"]
[Black "Bojicic, Andjela"]
[Result "1-0"]
[WhiteElo "1978"]
[BlackElo "1895"]
[PlyCount "75"]
[EventDate "2015.09.04"]

1. d4 Nf6 2. Bg5 Ne4 3. h4 d5 4. Nd2 Nxg5 5. hxg5 Bf5 6. e3 e6 7. g4 Bg6 8. f4
c6 9. Ngf3 Qb6 10. Qc1 Nd7 11. Nh4 Bd6 12. Nxg6 fxg6 13. Bd3 O-O-O 14. c3 c5
15. Nf3 Kb8 16. a3 Rc8 17. Qd2 Qc7 18. b4 cxb4 19. cxb4 Nb6 20. Ke2 Nc4 21.
Bxc4 dxc4 22. Ra2 Qc6 23. Rd1 c3 24. Qd3 h5 25. gxh6 Rxh6 26. Rc2 Rch8 27. d5
exd5 28. Qxd5 Rh2+ 29. Nxh2 Rxh2+ 30. Ke1 Qxd5 31. Rxd5 Rxc2 32. Rxd6 Kc7 33.
Kd1 Ra2 34. Rxg6 Rxa3 35. Kc2 b5 36. Rxg7+ Kd6 37. Rg5 Kc6 38. Rc5+ 1-0

[Event "II liga SSCS 2015- zapad"]
[Site "Ravni Gaj"]
[Date "2015.10.08"]
[Round "6.3"]
[White "Vujovic, Radojica"]
[Black "Markovic, Sasa"]
[Result "0-1"]
[WhiteElo "2118"]
[BlackElo "2116"]
[PlyCount "100"]
[EventDate "2015.09.04"]

1. e4 c5 2. Nf3 Nc6 3. Bc4 e6 4. O-O Qc7 5. c3 Nf6 6. Re1 d6 7. d3 Na5 8. Bb5+
Bd7 9. Bxd7+ Nxd7 10. Bf4 e5 11. Be3 Be7 12. Nbd2 O-O 13. Rc1 b6 14. Nf1 f5 15.
exf5 Rxf5 16. Ng3 Rf7 17. b4 Nb7 18. Qb3 Nf8 19. Qd5 Rc8 20. d4 Bf6 21. b5 Re8
22. Ne4 Kh8 23. Nxf6 gxf6 24. Bh6 Qd7 25. Red1 Qe6 26. dxc5 Qxd5 27. Rxd5 dxc5
28. Rcd1 Ne6 29. a4 Rd8 30. Rxd8+ Nexd8 31. g3 Ne6 32. Nh4 c4 33. Nf5 Nec5 34.
Kg2 Kg8 35. Be3 Rd7 36. Rxd7 Nxd7 37. Ne7+ Kf7 38. Nc6 Nbc5 39. Nxa7 Nxa4 40.
Bd2 f5 41. Nc6 Ke6 42. Kf3 Nf6 43. Nb4 Ne4 44. Be1 Naxc3 45. h3 Nxb5 46. Ke3
Nec3 47. Nc2 Nd5+ 48. Ke2 Nbc3+ 49. Kd2 b5 50. f4 exf4 0-1

[Event "II liga SSCS 2015- zapad"]
[Site "Ravni Gaj"]
[Date "2015.10.08"]
[Round "6.3"]
[White "Zivanovic, Blagoje"]
[Black "Milovanovic, Pantelija"]
[Result "1/2-1/2"]
[WhiteElo "1948"]
[BlackElo "2110"]
[PlyCount "58"]
[EventDate "2015.09.04"]

1. e4 e6 2. d4 d5 3. Nd2 dxe4 4. Nxe4 b6 5. Bb5+ c6 6. Bc4 Be7 7. Nf3 Nf6 8.
Qe2 O-O 9. O-O Bb7 10. Neg5 Bc8 11. Re1 Nd5 12. Qe4 f5 13. Qe2 Bxg5 14. Bxg5
Qd6 15. Ne5 a5 16. c3 Na6 17. Bxd5 cxd5 18. Nd3 Nc7 19. Bf4 Qe7 20. Qe5 Ra7 21.
Re3 Qd7 22. Qd6 Qxd6 23. Bxd6 Rd8 24. Bxc7 Rxc7 25. Nf4 Kf7 26. Rae1 Rc6 27.
Nd3 Rc7 28. Nf4 Rc6 29. Nd3 Rc7 1/2-1/2

[Event "II liga SSCS 2015- zapad"]
[Site "Ravni Gaj"]
[Date "2015.10.08"]
[Round "6.3"]
[White "Jovanovic, Milovan"]
[Black "Paramentic, Mila"]
[Result "1-0"]
[WhiteElo "2140"]
[BlackElo "1915"]
[PlyCount "120"]
[EventDate "2015.09.04"]

1. d4 d5 2. Nf3 Nf6 3. c4 e6 4. Nc3 Be7 5. e3 O-O 6. Be2 b6 7. cxd5 exd5 8. O-O
c5 9. b3 Ba6 10. Bb2 Re8 11. Rc1 Bb7 12. dxc5 bxc5 13. Na4 Nbd7 14. Bb5 Rc8 15.
Ne5 g6 16. Nxd7 Nxd7 17. Qd3 f6 18. Rfd1 Rc7 19. f4 Rf8 20. Ba3 Kg7 21. Bxd7
Qxd7 22. Nxc5 Bxc5 23. Rxc5 Re8 24. Rdc1 Rxc5 25. Bxc5 a6 26. Bd4 Rc8 27. Rc3
Rxc3 28. Qxc3 Qc6 29. g4 Kf7 30. Qxc6 Bxc6 31. h4 f5 32. gxf5 gxf5 33. Kf2 Bb5
34. Ke1 Kg6 35. Kd2 Kf7 36. Kc3 Ke6 37. Be5 Kd7 38. Kd4 Kc6 39. Bg7 Be2 40. Bf8
Bg4 41. b4 h5 42. a4 Bd1 43. Ke5 Bg4 44. Kf6 Bh3 45. Kg5 Bg4 46. Bg7 Kb6 47.
Bd4+ Kc6 48. Kg6 Kd6 49. b5 axb5 50. axb5 Kd7 51. Be5 Kc8 52. Kf6 Kb7 53. Bd4
Bh3 54. Ke6 Bg4 55. Kxd5 Bf3+ 56. Ke5 Bg4 57. e4 fxe4 58. f5 Be2 59. b6 Bc4 60.
Kxe4 Bb3 1-0

[Event "II liga SSCS 2015- zapad"]
[Site "Ravni Gaj"]
[Date "2015.10.08"]
[Round "6.3"]
[White "Jovanovic, Stefan"]
[Black "Djokovic, Ivan"]
[Result "0-1"]
[WhiteElo "1593"]
[BlackElo "2153"]
[PlyCount "62"]
[EventDate "2015.09.04"]

1. e4 e5 2. Nf3 d6 3. d4 Nf6 4. Nc3 Nbd7 5. Bc4 Be7 6. h3 c6 7. O-O O-O 8. Bb3
a6 9. a4 Qc7 10. Qe2 exd4 11. Nxd4 Nc5 12. Bc4 Re8 13. b4 Ncd7 14. Bb3 Bf8 15.
Nf3 d5 16. Ba3 Nxe4 17. Ng5 Ndf6 18. Ncxe4 Nxe4 19. Nxe4 Rxe4 20. Qd2 Bf5 21.
c3 Qe5 22. f4 Qe8 23. Rfe1 Qd7 24. Rxe4 Bxe4 25. Rd1 Qc7 26. c4 Rd8 27. c5 Re8
28. Bb2 a5 29. Bd4 axb4 30. Qxb4 Qxf4 31. Qxb7 Qg3 0-1

[Event "II liga SSCS 2015- zapad"]
[Site "Ravni Gaj"]
[Date "2015.10.08"]
[Round "6.3"]
[White "Markovic, Miroslav R"]
[Black "Andric, Sinisa"]
[Result "1/2-1/2"]
[WhiteElo "2080"]
[BlackElo "1985"]
[PlyCount "81"]
[EventDate "2015.09.04"]

1. d4 d5 2. c4 e6 3. Nc3 Be7 4. Nf3 Nf6 5. h3 O-O 6. Bf4 c5 7. e3 Nc6 8. cxd5
Nxd5 9. Bg3 cxd4 10. exd4 Qa5 11. Qd2 Rd8 12. Bc4 Nxc3 13. bxc3 b5 14. Bb3 b4
15. c4 Bf6 16. O-O Nxd4 17. Nxd4 Rxd4 18. Qc2 Bb7 19. Rad1 Rad8 20. Rxd4 Rxd4
21. Rd1 Qc5 22. Rxd4 Bxd4 23. Kh2 g6 24. f3 Bc6 25. Qd3 a5 26. Qc2 Qa7 27. Ba4
Bxa4 28. Qxa4 Qc5 29. h4 Kg7 30. Qb3 Bg1+ 31. Kh1 Qd4 32. Qb1 Be3 33. Qe1 Qc5
34. Qe2 Bd4 35. Qe4 a4 36. Qc2 h5 37. Be1 Be5 38. Bf2 Bd4 39. Be1 Bf6 40. Bf2
Bd4 41. Be1 1/2-1/2

[Event "II liga SSCS 2015- zapad"]
[Site "Ravni Gaj"]
[Date "2015.10.08"]
[Round "6.4"]
[White "Markovic, Dragan P"]
[Black "Bojanic, Bratislav"]
[Result "1/2-1/2"]
[WhiteElo "2216"]
[BlackElo "2242"]
[PlyCount "22"]
[EventDate "2015.09.04"]

1. e4 e5 2. d4 exd4 3. Nf3 Nc6 4. Nxd4 Bc5 5. Be3 Qf6 6. c3 Nge7 7. Nc2 Bxe3 8.
Nxe3 d6 9. Nd2 O-O 10. Bc4 Be6 11. O-O Rad8 1/2-1/2

[Event "II liga SSCS 2015- zapad"]
[Site "Ravni Gaj"]
[Date "2015.10.08"]
[Round "6.4"]
[White "Drcelic, Sreten"]
[Black "Milovanovic, Nenad"]
[Result "1/2-1/2"]
[WhiteElo "2254"]
[BlackElo "2143"]
[PlyCount "38"]
[EventDate "2015.09.04"]

1. Nf3 Nf6 2. d3 d6 3. e4 e5 4. c3 Be7 5. Qc2 O-O 6. Nbd2 Nbd7 7. Nc4 c6 8. a4
Qc7 9. Ne3 Re8 10. g3 d5 11. Bg2 Nc5 12. Nd2 dxe4 13. dxe4 a5 14. Nb3 Be6 15.
Nxc5 Bxc5 16. O-O Qb6 17. Qe2 Qb3 18. Re1 Rad8 19. h3 Rd6 1/2-1/2

[Event "II liga SSCS 2015- zapad"]
[Site "Ravni Gaj"]
[Date "2015.10.08"]
[Round "6.4"]
[White "Novakovic, Miroslav"]
[Black "Osatovic, Aleksandar"]
[Result "1/2-1/2"]
[WhiteElo "2052"]
[BlackElo "2127"]
[PlyCount "32"]
[EventDate "2015.09.04"]

1. d4 d5 2. Nf3 Nf6 3. c4 e6 4. Nc3 c6 5. e3 Bd6 6. Qc2 O-O 7. Bd3 Nbd7 8. e4
dxc4 9. Bxc4 e5 10. dxe5 Nxe5 11. Be2 h6 12. h3 Ng6 13. g3 Re8 14. Be3 Bb4 15.
Nd2 Bxc3 16. bxc3 Qc7 1/2-1/2

[Event "II liga SSCS 2015- zapad"]
[Site "Ravni Gaj"]
[Date "2015.10.08"]
[Round "6.5"]
[White "Sandic, Vladeta"]
[Black "Irizanin, Radoje"]
[Result "1/2-1/2"]
[WhiteElo "2335"]
[BlackElo "2281"]
[PlyCount "88"]
[EventDate "2015.09.04"]

1. d4 d5 2. c4 e6 3. Nc3 c6 4. Nf3 dxc4 5. a4 Bb4 6. e3 b5 7. Be2 Bb7 8. O-O a6
9. Ne5 Nf6 10. f4 O-O 11. Bf3 Qc7 12. Bd2 Nbd7 13. Nxb5 cxb5 14. Bxb4 Rfc8 15.
Qc2 Bxf3 16. Rxf3 Nd5 17. Bd2 b4 18. e4 b3 19. Qd1 N5f6 20. Qe2 Qa7 21. Bc3 Qb7
22. Re3 Nf8 23. a5 Qb5 24. Rf1 Ne8 25. f5 Ra7 26. fxe6 f6 27. Ng4 Nxe6 28. e5
f5 29. Rxf5 N8c7 30. Rg3 Nd5 31. Nh6+ Kh8 32. Nf7+ Rxf7 33. Rxf7 Nxc3 34. Rxc3
Qd5 35. Qg4 Rd8 36. Rcf3 Kg8 37. Re7 Qxd4+ 38. Qxd4 Nxd4 39. Rff7 c3 40. Rxg7+
Kh8 41. Rxh7+ Kg8 42. Reg7+ Kf8 43. Rf7+ Kg8 44. Rhg7+ Kh8 1/2-1/2

[Event "II liga SSCS 2015- zapad"]
[Site "Ravni Gaj"]
[Date "2015.10.08"]
[Round "6.5"]
[White "Mirkovic, Stevan"]
[Black "Mladenovic, Sasa D"]
[Result "1-0"]
[WhiteElo "2328"]
[BlackElo "2234"]
[PlyCount "121"]
[EventDate "2015.09.04"]

1. Nf3 Nf6 2. c4 g6 3. Nc3 c5 4. d4 cxd4 5. Nxd4 Bg7 6. e4 d6 7. Be2 O-O 8. O-O
Nc6 9. Be3 Bd7 10. Qd2 Nxd4 11. Bxd4 Bc6 12. f3 Nd7 13. Be3 a5 14. b3 Nc5 15.
Rab1 Qb8 16. Rfc1 Rc8 17. Bd1 b5 18. cxb5 Bxb5 19. Nxb5 Qxb5 20. a3 Ne6 21. b4
axb4 22. axb4 Rxc1 23. Rxc1 Rb8 24. Rb1 Qc4 25. Be2 Qc3 26. Kf1 Qxd2 27. Bxd2
Bd4 28. Bc4 Kf8 29. Ke2 Ke8 30. Kd3 Bb6 31. f4 Ra8 32. Bd5 Ra3+ 33. Kc4 Nc7 34.
Bc3 e6 35. Bc6+ Ke7 36. Ra1 Rxa1 37. Bxa1 f5 38. exf5 gxf5 39. Kd3 Na6 40. Bc3
Nb8 41. Ba4 Na6 42. h3 Nc7 43. Bc6 Ne8 44. Kc4 Nc7 45. Kd3 Ne8 46. g4 fxg4 47.
hxg4 Nf6 48. Bf3 Nd7 49. g5 Kf7 50. Bh5+ Kg8 51. Be8 Nf8 52. b5 Ng6 53. Bxg6
hxg6 54. Bd4 Ba5 55. b6 Kf7 56. b7 Bc7 57. Ba7 e5 58. fxe5 dxe5 59. b8=Q Bxb8
60. Bxb8 Ke6 61. Ke4 1-0

[Event "II liga SSCS 2015- zapad"]
[Site "Ravni Gaj"]
[Date "2015.10.08"]
[Round "6.5"]
[White "Stojkovic, Predrag S"]
[Black "Gavrilovic, Leonardo"]
[Result "0-1"]
[WhiteElo "2209"]
[BlackElo "2207"]
[PlyCount "44"]
[EventDate "2015.09.04"]

1. d4 Nf6 2. c4 c5 3. Nf3 g6 4. g3 cxd4 5. Nxd4 d5 6. Bg2 Bg7 7. cxd5 Nxd5 8.
O-O O-O 9. Nb5 a6 10. Bxd5 axb5 11. Qb3 Nc6 12. e3 Bg4 13. f3 Bh3 14. Rd1 Qb6
15. Na3 e6 16. Be4 Rfd8 17. Bd2 Bf5 18. Bxf5 gxf5 19. Kf2 b4 20. Nc4 Qc5 21.
Rac1 b5 22. Na3 Rxd2+ 0-1